PEMBETULAN PINCANG : Hujan dan Suhu Simulasi Model Sejagat dan Serantau di Asia Tenggara

Bibliographic Details
Main Authors: Ngai, Sheau Tieh (Author), Fredolin Tangang (Author), Liew, Ju Neng (Author)
Format: Book
Language:English
Published: BANGI, Selangor : Penerbit Universiti Kebangsaan Malaysia 2019
Subjects:

MARC

LEADER 00000cam a2200000 7i4500
001 0000137946
005 20210816.0
008 201012s2019 my d x h k eng
020 |a 9789674129750 
040 |a PERPUSTAM   |b eng   |c PERPUSTAM   |e rda 
090 0 0 |a 551.6   |b NGA 
100 0 |a Ngai, Sheau Tieh ,   |e author 
245 1 0 |a PEMBETULAN PINCANG :   |b Hujan dan Suhu Simulasi Model Sejagat dan Serantau di Asia Tenggara   |c NGAI SHEAU TIEH, LIEW JU NENG, FREDOLIN TANGANG 
264 1 |a BANGI, Selangor :   |b Penerbit Universiti Kebangsaan Malaysia   |c 2019 
300 |a 120 pages :   |b charts ;   |c 23 cm. 
336 |a text  |2 rdacontent 
337 |a unmediated  |2 rdamedia 
338 |a volume  |2 rdacarrier 
500 |a Includes index 
504 |a Bibliography: pages [99]-117 
650 1 0 |a Climatic changes 
650 2 0 |a Government publications   |z Malaysia 
700 0 |a Fredolin Tangang ,   |e author 
700 1 |a Liew, Ju Neng ,   |e author 
999 |a 0000677096   |b Buku   |c Rak Terbuka   |e Perbadanan Perpustakaan Awam Melaka 
999 |a 0000677097   |b Buku   |c Rak Terbuka   |e Perpustakaan Cawangan Jasin 
999 |a 0000677098   |b Buku   |c Rak Terbuka   |e Perpustakaan Cawangan Masjid Tanah 
999 |a 0000677099   |b Buku   |c Rak Terbuka   |e Perpustakaan Cawangan Merlimau 
999 |a 0000677100   |b Buku   |c Rak Terbuka   |e Perbadanan Perpustakaan Awam Melaka 
999 |a 0000677101   |b Buku   |c Rak Terbuka   |e Perbadanan Perpustakaan Awam Melaka 
999 |a 0000677102   |b Buku   |c Rak Terbuka   |e Perpustakaan Komuniti UTC Melaka